| 000 | 00409nam a2200169Ia 4500 | ||
|---|---|---|---|
| 008 | 210210b1959 xxu||||| |||| 00| 0 eng d | ||
| 041 | _aeng | ||
| 082 | _a520/103 | ||
| 100 | _aLOVELL (A C B) | ||
| 245 | _aIndividual and the universe | ||
| 260 |
_aLondon _bOxford University Press _c1959 |
||
| 300 | _aviii,111 | ||
| 650 | _auniverse | ||
| 650 | _aIndividual | ||
| 690 | _aAstronomy | ||
| 906 | _a008088 | ||
| 999 |
_c125965 _d125965 |
||